| 000 | 00351nam a2200121Ia 4500 | ||
|---|---|---|---|
| 008 | 220120s9999||||xx |||||||||||||| ||und|| | ||
| 082 | _a621.385 4 BAY | ||
| 100 |
_aBay Talkitechnology _911734 |
||
| 245 | 0 | _aUser manual for interactive voiceres phone system | |
| 260 |
_aBay Talkitechnology _bBangalore |
||
| 300 |
_a467p. _b150 |
||
| 650 | _aMATHEMATICS | ||
| 999 |
_c136992 _d136992 |
||